|
|
|
|
| LEADER |
00000nbm0a2200000 4500 |
| 001 |
128767 |
| 005 |
20231031133103.0 |
| 035 |
|
|
|a (RuTPU)RU\TPU\book\139357
|
| 090 |
|
|
|a 128767
|
| 100 |
|
|
|a 20080114d1973 k y0rusy50 ca
|
| 101 |
0 |
|
|a rus
|
| 102 |
|
|
|a RU
|
| 105 |
|
|
|a a m 001zy
|
| 200 |
1 |
|
|a Исследование фазового состава, структуры и природы соединений на поверхности цинк-хромового катализатора синтеза метанола
|e Диссертация на соискание ученой степени кандидата химических наук
|f В. М. Щекочихин
|g Академия наук СССР, Сибирское отделение ; Институт физико-химических основ переработки минерального сырья ; науч. рук. П. М. Зайцев
|
| 210 |
|
|
|a Новосибирск
|d 1973
|
| 215 |
|
|
|a 96 л.
|c ил.
|
| 320 |
|
|
|a Библиогр.: с. 88-96 ( 163 назв.)
|
| 610 |
1 |
|
|a метанол
|
| 610 |
1 |
|
|a синтез
|
| 610 |
1 |
|
|a катализаторы
|
| 610 |
1 |
|
|a поверхность
|
| 610 |
1 |
|
|a соединения
|
| 610 |
1 |
|
|a состав фазовый
|
| 610 |
1 |
|
|a адсорбция
|
| 610 |
1 |
|
|a спектроскопия
|
| 610 |
1 |
|
|a спирты
|
| 610 |
1 |
|
|a цинк
|
| 610 |
1 |
|
|a хром
|
| 610 |
1 |
|
|a смеси
|
| 610 |
1 |
|
|a эксперименты
|
| 610 |
1 |
|
|a исследование
|
| 610 |
1 |
|
|a диссертации
|
| 610 |
1 |
|
|a методика
|
| 675 |
|
|
|a 544.478(04)
|v 3
|
| 700 |
|
1 |
|a Щекочихин
|b В. М.
|g Владимир Михайлович
|
| 702 |
|
1 |
|a Зайцев
|b П. М.
|4 727
|
| 712 |
0 |
2 |
|a Академия наук СССР (АН СССР)
|b Сибирское отделение (СО)
|b Институт физико-химических основ переработки минерального сырья (ИФХИМС)
|c (Новосибирск)
|c (1964-1980)
|2 stltpush
|3 (RuTPU)RU\TPU\col\12495
|
| 801 |
|
1 |
|a RU
|b 63413507
|c 20080114
|g PSBO
|
| 801 |
|
2 |
|a RU
|b 63413507
|c 20150902
|g PSBO
|
| 942 |
|
|
|c BK
|